Roman Numerals 2 - Statistics

General Stats
  • This quiz has been taken 48 times
  • The average score is 12 of 16
Answer Stats
Hint Answer % Correct
73 LXXIII
97%
458 CDLVIII
88%
24 XXIV
85%
202 CCII
79%
1834 MDCCCXXXIV
79%
784 DCCLXXXIV
76%
567 DLXVII
76%
1543 MDXLIII
76%
2431 MMCDXXXI
76%
876 DCCCLXXVI
73%
172 CLXXII
70%
2222 MMCCXXII
70%
647 DCXLVII
67%
3999 MMMCMXCIX
67%
3763 MMMDCCLXIII
67%
599 DXCIX
64%
No matching quizzes found
Score Distribution
Percent of People with Each Score
Percentile by Number Answered
Your Score History
You have not taken this quiz